| 000 | 01332cam a2200361 a 4500 | ||
|---|---|---|---|
| 001 | 000006610 | ||
| 005 | 20200929153947.0 | ||
| 008 | 060119s2005 rm ab b 001 0 eng d | ||
| 020 | _a9737784049 (set) | ||
| 020 | _a9737784006 (vol. 1) | ||
| 040 |
_aDO-SdBNP _beng _cLC _dBNPHU |
||
| 082 |
_a949.8013 _bH673t |
||
| 245 | 0 | 4 |
_aThe history of transylvania / _cMihai Barbulescu ... [et al.] ; coordinadores Ioan-Aurel Pop, Thomas Nägler ; traducción y revisión Bogdan Aldea y Richard Proctor. |
| 260 |
_aCluj-Napoca : _bRomanian Cultural Institute, _c2005. |
||
| 300 |
_av. : _bil., maps. ; _c24 cm. |
||
| 500 | _aLa biblioteca sólo posee el volumen 1. | ||
| 504 | _aReferencias bibliográficas p. [349]-362 e índice. | ||
| 651 | 4 |
_aTransilvania (Rumanía{Rpara} _xHistoria _918331 |
|
| 651 | 4 |
_aRumanía _xHistoria _918332 |
|
| 700 | 1 |
_aBârbulescu, Mihai. _918333 |
|
| 700 | 1 |
_aDörner, Anton E. _918334 |
|
| 700 | 1 |
_aGlodariu, Ioan _918335 |
|
| 700 | 1 |
_aNägler, Thomas _918336 |
|
| 700 | 1 |
_aPop, Grigor P. _918337 |
|
| 700 | 1 |
_aPop, Ioan Aurel _918338 |
|
| 700 | 1 |
_aRotea, Mihai _918339 |
|
| 700 | 1 |
_aSâlâgean, Tudor _918340 |
|
| 700 | 1 |
_aVasiliev, Valentin _918341 |
|
| 700 | 1 |
_aAldea, Bogdan, _etr. _918342 |
|
| 700 | 1 |
_aProctor, Richard, _etr. _918343 |
|
| 910 | _aCatalogación por copia / LC | ||
| 049 | _aBNGR | ||
| 999 |
_c6400 _d6400 |
||